[Event "Goch op 22nd"]
[Site "Goch"]
[Date "2011.09.30"]
[Round "2"]
[White "Rey, Thorsten"]
[Black "Vovchik, Vladimir"]
[Result "0-1"]
[WhiteElo "1225"]
[BlackElo "1765"]
[PlyCount "68"]
[EventDate "2011.09.29"]
[EventType "swiss"]
[EventRounds "7"]
[EventCountry "GER"]
[SourceTitle "EXT 2014"]
[Source "ChessBase"]
[SourceDate "2013.11.20"]
[SourceVersion "1"]
[SourceVersionDate "2013.11.20"]
[SourceQuality "1"]

1. d4 d5 2. c4 c6 3. Nf3 Bf5 4. Nc3 Nf6 5. Bg5 e6 6. e3 h6 7. Bh4 Nbd7 8. cxd5 exd5 9. Be2 Bd6 10. 0-0 Qc7 11. Bg3 h5 12. Bxd6 Qxd6 13. Nh4 Bg4 14. h3 Be6 15. f4 Nb6 16. Nf3 Bf5 17. Ne5 Qe7 18. Bd3 Bxd3 19. Qxd3 h4 20. f5 Nh5 21. Ne2 Nc4 22. Nxc4 dxc4 23. Qc3 0-0-0 24. b3 cxb3 25. axb3 Rhe8 26. Rxa7 Qxe3+ 27. Qxe3 Rxe3 28. Ra8+ Kc7 29. Rxd8 Kxd8 30. Nc1 Ng3 31. Rd1 Nxf5 32. b4 Kc7 33. Kf2 Rc3 34. Nd3 Rc2+ 0-1

[Event "Cologne Ford op 17th"]
[Site "Cologne"]
[Date "2011.05.16"]
[Round "5"]
[White "Rozsa, Sandor"]
[Black "Rey, Thorsten"]
[Result "1-0"]
[WhiteElo "1670"]
[BlackElo "1102"]
[PlyCount "61"]
[EventDate "2011.04.12"]
[EventType "swiss"]
[EventRounds "7"]
[EventCountry "GER"]
[SourceTitle "EXT 2012"]
[Source "ChessBase"]
[SourceDate "2011.11.24"]
[SourceVersion "1"]
[SourceVersionDate "2011.11.24"]
[SourceQuality "1"]

1. e4 e6 2. h3 d5 3. exd5 exd5 4. d4 Bd6 5. c3 Nf6 6. Bd3 0-0 7. Nf3 Qe7+ 8. Qe2 Qxe2+ 9. Kxe2 Re8+ 10. Be3 Be6 11. Nbd2 Nbd7 12. Rhe1 Nh5 13. Kf1 f5 14. Nb3 f4 15. Bd2 b6 16. Ng5 Ndf6 17. Nxe6 Rxe6 18. Rxe6 g5 19. Rae1 Kf7 20. a3 Re8 21. Rxe8 Nxe8 22. Bxh7 Nef6 23. Bd3 g4 24. hxg4 Nxg4 25. f3 Ng3+ 26. Kg1 Nf6 27. Nc1 c5 28. Bb1 Nd7 29. Nd3 Nh5 30. Ba2 c4 31. Nb4 1-0

[Event "Cologne Ford op 17th"]
[Site "Cologne"]
[Date "2011.05.09"]
[Round "4"]
[White "Rey, Thorsten"]
[Black "Ljuboschiz, Alexander"]
[Result "0-1"]
[WhiteElo "1102"]
[BlackElo "2095"]
[PlyCount "48"]
[EventDate "2011.04.12"]
[EventType "swiss"]
[EventRounds "7"]
[EventCountry "GER"]
[SourceTitle "EXT 2012"]
[Source "ChessBase"]
[SourceDate "2011.11.24"]
[SourceVersion "1"]
[SourceVersionDate "2011.11.24"]
[SourceQuality "1"]

1. d4 Nf6 2. c4 g6 3. Nc3 Bg7 4. e4 d6 5. f3 0-0 6. Be3 Nbd7 7. Bd3 c5 8. d5 Ne5 9. Nge2 e6 10. 0-0 exd5 11. cxd5 a6 12. Qd2 b5 13. a3 Nfd7 14. Ng3 Nxd3 15. Qxd3 Ne5 16. Qc2 Nc4 17. Bf2 Rb8 18. b4 Nxa3 19. Rxa3 cxb4 20. Rb3 bxc3 21. Ne2 b4 22. Nd4 Bd7 23. Nc6 Bxc6 24. dxc6 Qc7 0-1

[Event "Cologne Ford op"]
[Site "Cologne"]
[Date "2010.04.19"]
[Round "1"]
[White "Rey, Thorsten"]
[Black "Linke, Michael"]
[Result "0-1"]
[WhiteElo "1125"]
[BlackElo "1783"]
[PlyCount "55"]
[EventDate "2010.04.19"]
[EventType "swiss"]
[EventRounds "7"]
[EventCountry "GER"]
[SourceTitle "EXT 2011"]
[Source "ChessBase"]
[SourceDate "2010.11.26"]
[SourceVersion "1"]
[SourceVersionDate "2010.11.26"]
[SourceQuality "1"]

1. d4 d5 2. c4 e6 3. Nf3 Nf6 4. Bg5 Be7 5. Bxf6 Bxf6 6. Nc3 0-0 7. g3 dxc4 8. e4 Nc6 9. e5 Be7 10. Bxc4 Nb4 11. 0-0 Nd5 12. Qd2 b6 13. Ne4 Bb7 14. Neg5 h6 15. Ne4 Rc8 16. Ne1 Qd7 17. Nd3 Qc6 18. Bb3 Rfd8 19. Rac1 Nc3 20. bxc3 Qxe4 21. f3 Qf5 22. Nf4 Bg5 23. Bc2 Qxe5 24. Rce1 Qd6 25. h4 Bxf4 26. Qxf4 Qxf4 27. gxf4 c5 28. dxc5 0-1